The link between crime and the built environment / 1 The current state of knowledge
| Format: | Print Book |
|---|---|
| Language: | English |
| Published: |
Washington, DC
National Institute of Justice
1980
|
| In: |
The link between crime and the built environment
Year: 1980 |
| Availability in Tübingen: | Present in Tübingen. UB: KB 4 E 998-1 |
| Check availability: | HBZ Gateway |
| Subito Delivery Service: | Order now. |
MARC
| LEADER | 00000cam a2200000 cc4500 | ||
|---|---|---|---|
| 001 | 1097787664 | ||
| 003 | DE-627 | ||
| 005 | 20220514155807.0 | ||
| 007 | tu | ||
| 008 | 920327s1980 xx ||||| 00| ||eng c | ||
| 035 | |a (DE-627)1097787664 | ||
| 035 | |a (DE-576)027787664 | ||
| 035 | |a (DE-599)BSZ027787664 | ||
| 035 | |a (OCoLC)311686454 | ||
| 040 | |a DE-627 |b ger |c DE-627 |e rakwb | ||
| 041 | |a eng | ||
| 245 | 0 | 0 | |a The link between crime and the built environment |n 1 |p The current state of knowledge |
| 264 | 1 | |a Washington, DC |b National Institute of Justice |c 1980 | |
| 300 | |a Getr. Zählung | ||
| 336 | |a Text |b txt |2 rdacontent | ||
| 337 | |a ohne Hilfsmittel zu benutzen |b n |2 rdamedia | ||
| 338 | |a Band |b nc |2 rdacarrier | ||
| 583 | 1 | |a Archivierung prüfen |c 20200919 |f DE-640 |z 2 |2 pdager | |
| 773 | 1 | 8 | |a The link between crime and the built environment |w (DE-627)1348147881 |w (DE-576)278147887 |g 1 |q 1 |7 nnam |
| 951 | |a MV | ||
| ELC | |b 1 | ||
| LOK | |0 000 xxxxxcx a22 zn 4500 | ||
| LOK | |0 001 218245523X | ||
| LOK | |0 003 DE-627 | ||
| LOK | |0 004 1097787664 | ||
| LOK | |0 005 20080311154854 | ||
| LOK | |0 008 920327||||||||||||||||ger||||||| | ||
| LOK | |0 040 |a DE-21 |c DE-627 |d DE-21 | ||
| LOK | |0 852 |a DE-21 | ||
| LOK | |0 852 1 |c KB 4 E 998-1 |9 00 | ||
| LOK | |0 935 |a krim | ||
| LOK | |0 936ln |a k6.5 | ||
| LOK | |0 939 |a 27-03-92 |b l01 | ||
| ORI | |a SA-MARC-krimdoka001.raw | ||
| SIG | |a UB: KB 4 E 998-1 | ||
